000 00299nam a2200109Ia 4500
008 201223s9999 xx 000 0 und d
100 _aDavenport - Hines, R P T (Ed.)
245 0 _aBritish business in Asia since 1860
260 _aCambridge
_bCambridge University Press
300 _a301
942 _cBK
999 _c8407
_d8407